000 00350nam a2200133Ia 4500
008 240624s9999 xx 000 0 und d
041 _aeng
082 _a650.144 ALD
100 _aALDER HARRY
245 _aBOOST YOUR INTELLIGENCE TESTED TECHNIQUE
260 _c2006
_aNew Delhi
_bKogan Page
300 _aviii, : 180 : p. : cm. ; 21
365 _cRS
_b32
999 _c7613
_d7613